Los hombres no pegan

Guardat en:
Dades bibliogràfiques
Autor principal: Moncó Rebollo, Beatriz (autora)
Format: Llibre
Idioma:espanyol
Publicat: Barcelona Bellaterra 2005
Edició:1a. ed
Matèries:
Etiquetes: Afegir etiqueta
Sense etiquetes, Sigues el primer a etiquetar aquest registre!

MARC

LEADER 00000cam a2200000 a 4500
001 UCF7483
003 CL-VaPUC
008 130627e20050000SP |||||||||||||||||spa|d
020 |a 9788472902770 
082 0 4 |a 863  |b MON  |2 21 
100 |a Moncó Rebollo, Beatriz  |e autora  |9 569516 
245 1 4 |a Los hombres no pegan 
250 |a 1a. ed 
300 |a 39 p 
942 |c BK 
945 |d 20130627 00:00:00  |a cmena 
260 |a Barcelona  |b Bellaterra  |c 2005 
650 0 |a Cuentos españoles  |9 267960 
650 0 |a Violencia de género   |9 535002 
650 0 |a Violencia intrafamiliar  |9 312986 
650 0 |a Literatura infantil   |9 307465 
650 0 |a Literatura española  |9 306261 
583 |a last modification  |c 20130627 13:18:00  |k Rodrigo Vera 
999 |c 352306  |d 352304